Os operários e as suas máquinas (Registo nº 199277)
[ vista simples ]
| 000 -Etiqueta do registo | |
|---|---|
| Valores | 00732nam 22002053 4500 |
| 010 ## - Número ISBN | |
| ISBN | 978-972-31-1289-4 |
| 021 ## - Número do Depósito Legal | |
| Código do país | Portugal |
| Número | 294164/09 |
| 100 ## - Dados gerais de processamento | |
| Dados gerais | 20251126d u||y0pory50 ba |
| 200 ## - Titulo e menção de responsabilidade | |
| Título próprio | Os operários e as suas máquinas |
| Informação de outro título | usos sociais da técnica no trabalho vidreiro |
| Primeira menção de responsabilidade | Emília Margarida Marques |
| 210 ## - Publicação | |
| Local de publicação | [Lisboa] |
| Nome do editor | Fundação Calouste Gulbenkian, Fundação para a Ciência e a Tecnologia |
| Data de publicação | 2009 |
| 215 ## - Descrição física | |
| Paginação / Volumes | 452 p. |
| Outras indicações físicas | il. ; brochado |
| Dimensões | 23 cm |
| 225 ## - Colecção | |
| Título próprio da colecção | Textos universitários de ciências sociais |
| 606 ## - Nome comum usado como assunto | |
| ID Autoridade | 35 |
| Palavra de ordem | Sociologia. Demografia.Estatística |
| 675 ## - CDU | |
| Notação | 31 |
| Edição | PT |
| Língua | por |
| 700 ## - Autor principal (pessoa individual) | |
| ID Autoridade | 6654 |
| Apelido | Marques |
| Nome | Emília Margarida |
| 801 ## - Fonte de origem | |
| País | PT |
| Agência | BMMN |
| Regras de catalogação | RPC |
| 830 ## - Notas gerais do catalogador | |
| Criado por | Vanda |
| 990 ## - Elementos KOHA | |
| Tipo de documento | Livro |
| Situação do levantamento | Biblioteca de origem | Código de barras | Cota | Permissão de empréstimo | Tipo de documento | Forma de aquisição |
|---|---|---|---|---|---|---|
| Biblioteca Municipal de Montemor-o-Novo | 28098 | 31 MAR|DEP | Livro | Oferta |